La sociedad educativa /
Guardado en:
| Autor Principal: | |
|---|---|
| Formato: | Libro |
| Publicado: |
Madrid :
Anaya,
1974
|
| Series: | Ciencias de la educación
|
| Materias: | |
| Etiquetas: |
Agregar Etiqueta
Sin Etiquetas, Sea el primero en etiquetar este registro!
|
| LEADER | 00683nam a22002175a 4500 | ||
|---|---|---|---|
| 001 | CEM.cems013141 | ||
| 005 | 20090804093944.0 | ||
| 008 | 130507s1974##################000#0#####d | ||
| 003 | CEMS | ||
| 020 | |a 8420719749 | ||
| 082 | 0 | 4 | |a 370.19 |
| 100 | 1 | |a Husen, Torsten | |
| 245 | 1 | 0 | |a La sociedad educativa / |c Torsten Husen |
| 260 | |a Madrid : |b Anaya, |c 1974 | ||
| 300 | |a 230 p. | ||
| 490 | 0 | |a Ciencias de la educación | |
| 505 | 0 | |a Escuela y sociedad -- Internacionalización de la educación -- Investigación e innovación -- El futuro | |
| 653 | |a Educación | ||
| 653 | |a Educación y sociedad | ||
| 653 | |a Sociología | ||
| 859 | |a CEMS |b BIB. CEMS - 11 de abril |h 370.19 |i H955 |p 25599.09 |t Ej.1 | ||
